Canto a la Costa Chica : (Record no. 108638)
[ view plain ]
| 000 -CABECERA | |
|---|---|
| campo de control de longitud fija | 01201nam a2200361 a 4500 |
| 001 - NÚMERO DE CONTROL | |
| campo de control | 000112177 |
| 003 - IDENTIFICADOR DEL NÚMERO DE CONTROL | |
| campo de control | CHAP |
| 005 - FECHA Y HORA DE LA ÚLTIMA TRANSACCIÓN | |
| campo de control | 20220329144249.0 |
| 008 - DATOS DE LONGITUD FIJA--INFORMACIÓN GENERAL | |
| campo de control de longitud fija | 151216s2015 mx a |r| ||||||spa d |
| 010 ## - NÚMERO DE CONTROL DE LA BIBLIOTECA DEL CONGRESO | |
| Número de control de LC | 108638 |
| 011 ## - ENLACE DEL NUMERO DE CONTROL DE LA BIBLIOTECA DEL CONGRESO [OBSOLETO] | |
| Número de control de LC | 109610 |
| 020 ## - NÚMERO INTERNACIONAL ESTÁNDAR DEL LIBRO | |
| Número Internacional Estándar del Libro | 9786071203953 |
| 040 ## - FUENTE DE LA CATALOGACIÓN | |
| Centro/agencia transcriptor | CHAP |
| 082 04 - NÚMERO DE LA CLASIFICACIÓN DECIMAL DEWEY | |
| Número de clasificación | 782.42 |
| Número de documento/Ítem | C18 2015 |
| 100 1# - ENTRADA PRINCIPAL--NOMBRE DE PERSONA | |
| Nombre de persona | Camero Rodríguez, Francisco |
| 9 (RLIN) | 130338 |
| 245 10 - MENCIÓN DE TÍTULO | |
| Título | Canto a la Costa Chica : |
| Resto del título | el mundo poético de Álvaro Carrillo / |
| Mención de responsabilidad, etc. | por Francisco Camero Rodríguez. |
| 250 ## - MENCIÓN DE EDICIÓN | |
| Mención de edición | 2 ed. corr. y aum. |
| 260 ## - PUBLICACIÓN, DISTRIBUCIÓN, ETC. | |
| Lugar de publicación, distribución, etc. | Chapingo, Méx. : |
| Nombre del editor, distribuidor, etc. | UACH, |
| Fecha de publicación, distribución, etc. | 2015. |
| 300 ## - DESCRIPCIÓN FÍSICA | |
| Extensión | 249 p. : |
| Otras características físicas | il. |
| 590 ## - NOTA LOCAL (RLIN) | |
| Nota local | BATCH-UPD |
| Procedencia (VM) [OBSOLETO] | 05 |
| Condición del los carretes individuales (VM) [OBSOLETO] | 20160113 |
| -- | UCH01 |
| -- | 1123 |
| 590 ## - NOTA LOCAL (RLIN) | |
| Nota local | E5995AHE |
| Procedencia (VM) [OBSOLETO] | 05 |
| Condición del los carretes individuales (VM) [OBSOLETO] | 20151216 |
| -- | UCH01 |
| -- | 0840 |
| 590 ## - NOTA LOCAL (RLIN) | |
| Nota local | E5995AHE |
| Procedencia (VM) [OBSOLETO] | 05 |
| Condición del los carretes individuales (VM) [OBSOLETO] | 20160112 |
| -- | UCH01 |
| -- | 1508 |
| 590 ## - NOTA LOCAL (RLIN) | |
| Nota local | E5995AHE |
| Procedencia (VM) [OBSOLETO] | 05 |
| Condición del los carretes individuales (VM) [OBSOLETO] | 20160113 |
| -- | UCH01 |
| -- | 1122 |
| 590 ## - NOTA LOCAL (RLIN) | |
| Nota local | E5995AHE |
| Procedencia (VM) [OBSOLETO] | 05 |
| Condición del los carretes individuales (VM) [OBSOLETO] | 20160113 |
| -- | UCH01 |
| -- | 1125 |
| 590 ## - NOTA LOCAL (RLIN) | |
| Nota local | E5995AHE |
| Procedencia (VM) [OBSOLETO] | 05 |
| Condición del los carretes individuales (VM) [OBSOLETO] | 20160113 |
| -- | UCH01 |
| -- | 1125 |
| 590 ## - NOTA LOCAL (RLIN) | |
| Nota local | E5995AHE |
| Procedencia (VM) [OBSOLETO] | 05 |
| Condición del los carretes individuales (VM) [OBSOLETO] | 20160114 |
| -- | UCH01 |
| -- | 0841 |
| 600 10 - PUNTO DE ACCESO ADICIONAL DE MATERIA--NOMBRE DE PERSONA | |
| Nombre de persona | Carrillo, Álvaro |
| Fechas asociadas al nombre | (1919 - 1969), |
| 9 (RLIN) | 19554 |
| 650 14 - PUNTO DE ACCESO ADICIONAL DE MATERIA--TÉRMINO DE MATERIA | |
| Término de materia o nombre geográfico como elemento de entrada | Música |
| Subdivisión general | Historia. |
| 9 (RLIN) | 79143 |
| 651 #1 - PUNTO DE ACCESO ADICIONAL DE MATERIA--NOMBRE GEOGRÁFICO | |
| Nombre geográfico | Costa chica (México) |
| Subdivisión general | Canciones y música |
| -- | Historia y crítica |
| 9 (RLIN) | 130353 |
| 901 ## - ELEMENTOS DE DATOS A LOCAL LDA (RLIN) | |
| a | BK |
| 942 ## - ELEMENTOS DE PUNTO DE ACCESO ADICIONAL (KOHA) | |
| Tipo de ítem Koha | Libro |
| 942 ## - ELEMENTOS DE PUNTO DE ACCESO ADICIONAL (KOHA) | |
| Suprimir en OPAC | 0 |
| Estado de retiro | Estado de pérdida | Fuente del sistema de clasificación o colocación | Estado dañado | Restricciones de uso | No para préstamo | Código de colección | Localización permanente | Ubicación/localización actual | Ubicación en estantería | Fecha de adquisición | Información codificada de la localización en otra ubicación | Total de préstamos | Signatura topográfica completa | Código de barras | Fecha visto por última vez | Número de copia | Precio válido a partir de | Tipo de ítem Koha |
|---|---|---|---|---|---|---|---|---|---|---|---|---|---|---|---|---|---|---|
| Dewey Decimal Classification | Préstamo 15 días | General | Biblioteca Central | Biblioteca Central | Planta principal - Colección General | 16/03/2016 | LIBRO | 782.42 C18 2015 | 33724002520256 | 31/12/2019 | c.3 | 31/12/2019 | Libro | |||||
| Dewey Decimal Classification | Préstamo 15 días | General | Biblioteca Central | Biblioteca Central | Planta principal - Colección General | 16/03/2016 | LIBRO | 782.42 C18 2015 | 33724002520298 | 31/12/2019 | c.2 | 31/12/2019 | Libro | |||||
| Préstamo interno | Publicaciones UACh | Biblioteca Central | Biblioteca Central | Planta alta - Área de Tesis - UACh | 13/01/2016 | LIBRO | 782.42 C18 2015 | 33724002513470 | 31/12/2019 | 13/01/2016 | Libro |
